| 000 | 00556nam a2200193Ia 4500 | ||
|---|---|---|---|
| 003 | GCL | ||
| 008 | 140319s9999 xx 000 0 eng d | ||
| 040 |
_aGCL / _cGCL |
||
| 082 | 0 | 4 |
_aCC _b932 _bG P |
| 100 | 1 | _aGABRA, SAMI | |
| 245 | 1 | 0 |
_aPEINTURES A FRESQUES ET SCENES PEINTES A HERMOUPOLIS- OUEST(TOUNA EL GEBEL) / _cGABRA, SAMI |
| 700 | 1 | _aDRIOTON,ETIENNE | |
| 260 |
_a[S.N] : _bSERVICE DES ANTIQUITES DE L'EGYPTE ، _c1954 |
||
| 300 | _a15+29 PL | ||
| 650 | 0 | 4 | _aANCIENT EGYPT |
| 650 | 0 | 4 | _aART- EGYPT |
| 650 | 0 | 4 | _aARCHITECTURE |
| 942 |
_2ddc _cBK |
||
| 999 |
_c16925 _d16925 |
||